• 首页
  • 本馆介绍
  • 公告通知
  • 最新文献
  • 馆藏检索
  • 电子资源
  • 读者导购
  • 参考咨询
  • 我的图书馆
  • 登录
  • 详细信息显示
  • 放入我的书架
  • 预约/预借图书
  • 作者相关作品
  • 分类相关作品
  • 丛书相关作品
  • 出版社相关作品

书目信息

  • 表格格式
  • 工作单格式
  • 卡片格式
题名:
二战德国陆军第654重装甲歼击营官方战史
    
 
作者: 黄锴 , 丛丕 编著
分册: 中册   从布尔日到诺曼底
出版信息: 长春   吉林文史出版社  2015
页数: 260页
开本: 26cm
丛书名:
单 册:
中图分类: E516.9
科图分类:
主题词: 第二次世界大战--di er ci shi jie da zhan--装甲兵部队--战争史--德国
电子资源:
ISBN: 978-7-5472-2941-5
000 01015nam0 22002411 450
001 0124140144
005 20170327144346.44
010    @a978-7-5472-2941-5@dCNY69.80
100    @a20160329d2015 em y0chiy50 ea
101 0  @achi
102    @aCN@b220000
105    @aa z 000yy
106    @ar
200 1  @a二战德国陆军第654重装甲歼击营官方战史@9er zhan de guo lu jun di 654chong zhuang jia jian ji ying guan fang zhan shi@h中册@i从布尔日到诺曼底@f黄锴,丛丕编著
210    @a长春@c吉林文史出版社@d2015
215    @a260页@c图,照片@d26cm
330    @a本书主要内容包括:第654重装甲歼击营第8号作战日志(1944年1月-6月);“猎豹”重型坦克歼击车早期开发图集;第654重装甲歼击营在法国重组及换装照片集;第654重装甲歼击营诺曼底战役相关照片及文件集等。
606 0  @a第二次世界大战@9di er ci shi jie da zhan@x装甲兵部队@x战争史@y德国
690    @aE516.9@v5
701  0 @a黄锴@9huang kai@f(1985~)@4编著
701  0 @a丛丕@9cong pi@f(1977~)@4编著
801  0 @aCN@bTANGWEI@c20170308
905    @b0961844-6@dE516.9@e94:2@f3
    
    二战德国陆军第654重装甲歼击营官方战史.中册.从布尔日到诺曼底/黄锴,丛丕编著.-长春:吉林文史出版社,2015
    260页:图,照片;26cm
    
    
    ISBN 978-7-5472-2941-5:CNY69.80
    本书主要内容包括:第654重装甲歼击营第8号作战日志(1944年1月-6月);“猎豹”重型坦克歼击车早期开发图集;第654重装甲歼击营在法国重组及换装照片集;第654重装甲歼击营诺曼底战役相关照片及文件集等。
●
相关链接 在E读中查询图书 在五车中查询图书 在当当中查询图书 在豆瓣中查询图书


正题名:二战德国陆军第654重装甲歼击营官方战史     索取号:E516.9/94:2         预约/预借

序号 登录号 条形码 馆藏地/架位号 状态 备注
1 0961844   209618449   第一样本阅览室/ [索取号:E516.9/94:2] 在馆    
2 0961845   209618458   第一借阅区/ [索取号:E516.9/94:2] 在馆    
3 0961846   209618467   第一借阅区/ [索取号:E516.9/94:2] 在馆    
唐山师范学院图书馆 欢迎您!
大连网信软件有限公司© 版权所有